Gods of the Incans - Statistics

General Stats
  • This quiz has been taken 3 times
  • The average score is 4 of 20
Answer Stats
Hint Answer % Correct
Incan sun god Inti
100%
God of thunder, lightning, and rain Illapa
50%
Moon goddess who governed time, calendars, and marriage Mama Quilla
50%
Earth mother goddess associated with fertility and agriculture Pachamama
50%
God of death and ruler of the underworld Supay
50%
Protector god of llamas and shepherds Urcuchillay
50%
Creator god who formed the world Viracocha
50%
Goddess of dawn, twilight, and flowers Ch'aska
0%
God of abundance, wealth, and household prosperity Ekeko
0%
Goddess of fire and warmth Mama Nina
0%
Mother and fertility goddess Mama Ocllo
0%
Patroness of sailors Mama Qucha
0%
Goddess of quinoa Mama Quinoa
0%
Goddess of flora and fauna Mama Rayhuana
0%
Goddess of maize Mama Sara
0%
Goddess of air and winds; protector of birds Mama Wayra
0%
Earth-shaping god Pacha Kamaq
0%
Powerful storm god associated with floods Pariacaca
0%
Goddess of the stars Qoyllur
0%
Deity of metals and jewels Urcaguary
0%
No matching quizzes found
Score Distribution
Percent of People with Each Score
Percentile by Number Answered
Your Score History
You have not taken this quiz